[Event "Box Hill Open"]
[Site "Box Hill"]
[Date "2002.09.13"]
[Round "1.2"]
[White "Lugo, Ruperto"]
[Black "De Gier, Jan"]
[Result "1-0"]
[WhiteElo "1612"]
[BlackElo "2001"]
[Annotator "jp"]
[PlyCount "97"]
[EventDate "2002.09.13"]

1. d4 Nf6 2. c4 e6 3. Nf3 b6 4. g3 c5 5. Bg2 Bb7 6. O-O cxd4 7. Nxd4 Bxg2 8.
Kxg2 Qc7 9. b3 Nc6 10. Bb2 Qe5 11. Bc3 Nxd4 12. Bxd4 Qf5 13. Nc3 Be7 14. Qd3
Qh5 15. Qf3 Qxf3+ 16. Kxf3 h5 17. h4 Ng4 18. Kg2 Rg8 19. f3 Nh6 20. e4 g5 21.
hxg5 Rxg5 22. Be3 Rg6 23. Bxh6 Rxh6 24. Rh1 O-O-O 25. Rad1 d6 26. Kf2 a6 27.
Ne2 Kc7 28. f4 Rg8 29. Kf3 h4 30. Rh3 f5 31. exf5 exf5 32. Rdh1 Bf6 33. gxh4
Rg4 34. h5 Kc6 35. Rg3 Rh4 36. Rxh4 Bxh4 37. Rh3 Bf6 38. Ng3 d5 39. Nxf5 Rh8
40. cxd5+ Kxd5 41. Rh1 b5 42. Rd1+ Ke6 43. Ng3 b4 44. Ne4 Bc3 45. Rd6+ Ke7 46.
h6 a5 47. f5 Bb2 48. Re6+ Kf8 49. Nd6 1-0

[Event "Box Hill Open"]
[Site "Box Hill"]
[Date "2002.09.13"]
[Round "1.3"]
[White "Dizdarevic, Mehmedalija"]
[Black "Chmiel, Rad"]
[Result "1-0"]
[WhiteElo "1947"]
[BlackElo "1654"]
[Annotator "gb"]
[PlyCount "73"]
[EventDate "2002.09.13"]

1. e4 c5 2. Nf3 d6 3. d4 cxd4 4. Nxd4 Nf6 5. Nc3 a6 6. Be3 e6 7. Be2 Be7 8. g4
b5 9. g5 Nfd7 10. Qd2 Bb7 11. f3 Nc6 12. h4 Nce5 13. b3 Rc8 14. f4 Qa5 15. Nb1
Qxd2+ 16. Nxd2 Nc6 17. O-O-O Nb4 18. Kb1 d5 19. e5 Bc5 20. c3 Nc6 21. N2f3 Ne7
22. Bd2 Bb6 23. b4 Ba7 24. Kb2 Nb6 25. h5 Nc4+ 26. Kb3 Rc7 27. Bd3 Nc6 28. Rh2
Nxd4+ 29. Nxd4 Bxd4 30. cxd4 g6 31. hxg6 fxg6 32. Bxg6+ Kf8 33. Bd3 Rf7 34. Bc1
Kg7 35. Rdh1 Nb6 36. g6 Rd7 37. f5 1-0

[Event "Box Hill Open"]
[Site "Box Hill"]
[Date "2002.09.13"]
[Round "1.4"]
[White "Stojic, Dusan"]
[Black "Nemeth, Janos"]
[Result "1/2-1/2"]
[WhiteElo "1638"]
[BlackElo "1932"]
[Annotator "gb"]
[PlyCount "98"]
[EventDate "2002.09.13"]

1. e4 c5 2. Nf3 d6 3. d4 cxd4 4. Nxd4 Nf6 5. Nc3 g6 6. Be3 Bg7 7. f3 O-O 8. Qd2
Nc6 9. Bc4 Bd7 10. Nde2 Qa5 11. Bh6 Rfc8 12. Bb3 Bh8 13. h4 Ne5 14. h5 Nc4 15.
hxg6 fxg6 16. Bg5 Be6 17. Bxc4 Bxc4 18. Bxf6 Bxf6 19. Qh6 Bg7 20. Qxh7+ Kf7 21.
Rh4 g5 22. Rh6 Rh8 23. Qg6+ Kg8 24. Rxh8+ Kxh8 25. O-O-O Bxe2 26. Rh1+ Kg8 27.
Rh7 Qe5 28. Nxe2 Qxb2+ 29. Kd1 Rf8 30. c3 Qa1+ 31. Kd2 Qxa2+ 32. Ke3 Qf7 33.
Rh6 Qxg6 34. Rxg6 Kh7 35. Rxg5 Rb8 36. Nd4 Bxd4+ 37. Kxd4 b5 38. Rh5+ Kg6 39.
Rh1 b4 40. Rb1 b3 41. Kc4 b2 42. Kd3 Kg5 43. g3 e5 44. Kc2 Rh8 45. Rxb2 Rh3 46.
Kd3 Rxg3 47. Ke3 Rg1 48. Ra2 Rc1 49. Rxa7 Rxc3+ 1/2-1/2

[Event "Box Hill Open"]
[Site "Box Hill"]
[Date "2002.09.13"]
[Round "1.6"]
[White "Wilson, Norm"]
[Black "Le, Tuan N"]
[Result "0-1"]
[WhiteElo "1588"]
[BlackElo "1904"]
[Annotator "gb"]
[PlyCount "74"]
[EventDate "2002.09.13"]

1. d4 d5 2. Nf3 Nf6 3. e3 e6 4. Nbd2 c5 5. b3 Nc6 6. Bd3 Bd6 7. Bb2 O-O 8. O-O
Qe7 9. Ne5 Nb4 10. Be2 cxd4 11. exd4 Qc7 12. a3 Nc6 13. f4 Bd7 14. Bd3 a6 15.
Rf3 g6 16. Rh3 Ne7 17. g4 Bb5 18. c4 dxc4 19. bxc4 Bc6 20. Rh6 Nd7 21. Qf1 Kg7
22. Qh3 Rh8 23. Nxf7 Bxf4 24. g5 Bxh2+ 25. Qxh2 Qxh2+ 26. Kxh2 Kxf7 27. d5 exd5
28. Bxh8 Rxh8 29. cxd5 Nxd5 30. Bxg6+ Kg7 31. Bd3 Ne5 32. Bf5 Ne3 33. Re6 Nxf5
34. Rxe5 Rd8 35. Rxf5 Rxd2+ 36. Kh3 Bd7 37. Raf1 Kg6 0-1

[Event "Box Hill Open"]
[Site "Box Hill"]
[Date "2002.09.13"]
[Round "1.7"]
[White "Raine, Marcus"]
[Black "Burak, Mehmed"]
[Result "1-0"]
[WhiteElo "1904"]
[BlackElo "1577"]
[Annotator "gb"]
[PlyCount "65"]
[EventDate "2002.09.13"]

1. d4 Nf6 2. c4 g6 3. Nc3 Bg7 4. e4 d6 5. Be2 O-O 6. Nf3 c5 7. d5 e6 8. Bg5 h6
9. Bh4 g5 10. Bg3 e5 11. h4 g4 12. Nh2 Nxe4 13. Nxe4 f5 14. Nc3 f4 15. Nxg4
fxg3 16. fxg3 Bxg4 17. Bxg4 Nd7 18. Bxd7 Qxd7 19. Ne4 b5 20. Qe2 bxc4 21. Qxc4
Rab8 22. O-O-O Rb4 23. Qe2 Rfb8 24. Rd2 c4 25. Rf1 c3 26. Nxc3 e4 27. Nxe4 Qc7+
28. Rc2 Bxb2+ 29. Kd1 Rd4+ 30. Ke1 Qg7 31. Rxb2 Rxb2 32. Nf6+ Kh8 33. Qe8+ 1-0

[Event "Box Hill Open"]
[Site "Box Hill"]
[Date "2002.09.13"]
[Round "1.8"]
[White "Bekker, Gary D"]
[Black "Dutka, Janusz"]
[Result "0-1"]
[WhiteElo "1576"]
[BlackElo "1873"]
[Annotator "gb"]
[PlyCount "51"]
[EventDate "2002.09.13"]

1. e4 c5 2. Nf3 d6 3. d4 cxd4 4. Nxd4 Nf6 5. Nc3 a6 6. Bg5 e6 7. f4 Be7 8. Qf3
Qa5 9. O-O-O Bd7 10. f5 Nc6 11. Nxc6 Bxc6 12. Bxf6 gxf6 13. Qg4 h5 14. Qg7 Rf8
15. fxe6 fxe6 16. Be2 h4 17. Rhe1 Qg5+ 18. Qxg5 fxg5 19. Bh5+ Kd7 20. Bg4 Rf4
21. h3 Raf8 22. Bf3 Kc7 23. Rf1 b5 24. a3 Bd7 25. Be2 Kb6 26. Rxf4 {
White lost on time} 0-1

[Event "Box Hill Open"]
[Site "Box Hill"]
[Date "2002.09.13"]
[Round "1.9"]
[White "Dragicevic, Domagoj"]
[Black "Miller, Anthony"]
[Result "1-0"]
[WhiteElo "1826"]
[BlackElo "1570"]
[Annotator "gb"]
[PlyCount "95"]
[EventDate "2002.09.13"]

1. e4 e5 2. Nf3 Nc6 3. Bc4 Be7 4. O-O d6 5. h3 f5 6. d3 f4 7. d4 Bf6 8. Qe2 Qe7
9. Nc3 g5 10. dxe5 dxe5 11. Nh2 Be6 12. Nd5 Bxd5 13. Bxd5 O-O-O 14. Bxc6 bxc6
15. Qa6+ Kb8 16. b3 Qc5 17. a4 Qb6 18. Qc4 Nh6 19. Ba3 Rhg8 20. Bc5 Qb7 21. Qe6
Rg6 22. Rad1 Rdg8 23. f3 Bh8 24. Qc4 R6g7 25. Rd2 Nf7 26. Rfd1 h5 27. Rd7 Nd6
28. R1xd6 Rxd7 29. Rxd7 Qc8 30. Qd3 Bf6 31. a5 a6 32. b4 Rd8 33. Rxd8 Qxd8 34.
Qxd8+ Bxd8 35. c4 Kc8 36. Kf2 Kd7 37. Nf1 Bf6 38. Nd2 Bd8 39. Nb1 Bf6 40. Nc3
Bd8 41. Ke2 Bf6 42. b5 cxb5 43. cxb5 axb5 44. a6 Kc6 45. Nxb5 Bd8 46. Kd3 Bf6
47. a7 Kb7 48. Nxc7 1-0

[Event "Box Hill Open"]
[Site "Box Hill"]
[Date "2002.09.13"]
[Round "1.10"]
[White "Spiric, Bob"]
[Black "Rikalo, Milenko"]
[Result "0-1"]
[WhiteElo "1464"]
[BlackElo "1810"]
[Annotator "gb"]
[PlyCount "52"]
[EventDate "2002.09.13"]

1. e4 e5 2. b3 Bc5 3. Bb2 d6 4. Nf3 f5 5. exf5 Bxf5 6. d3 Nf6 7. Nbd2 Nc6 8.
Qe2 Ng4 9. d4 Bb6 10. h3 Nf6 11. dxe5 dxe5 12. O-O-O O-O 13. Ne4 Qe7 14. Nxf6+
Rxf6 15. g4 Bd7 16. Bg2 {
(Scoresheet illegible. Moves have been reconstructed from here on.)} 16... Rd6
17. Rxd6 cxd6 18. Ne1 Re8 19. Bxc6 Bxc6 20. Rh2 d5 21. a4 Qf7 22. Bc3 Qf4+ 23.
Bd2 Qxh2 24. Bg5 Rf8 25. Nd3 e4 26. Nf4 Rxf4 0-1

[Event "Box Hill Open"]
[Site "Box Hill"]
[Date "2002.09.13"]
[Round "1.14"]
[White "O'Connor, Phil"]
[Black "Frost, Peter"]
[Result "1-0"]
[WhiteElo "1539"]
[BlackElo "1754"]
[Annotator "Michael Gluzman"]
[PlyCount "97"]
[EventDate "2002.09.13"]

1. d4 d5 2. Nf3 Nf6 3. c4 e6 4. g3 c5 5. dxc5 Nc6 6. Bg2 Bxc5 7. O-O O-O 8. a3
(8. cxd5 {This move is recommended by modern theory.  Since taking d5 with the
knight is not a good idea because of the "bad" bishop on c8, black would have
to play with an isolated  pawn on d5.}) 8... dxc4 9. Qa4 (9. Nbd2 {is more sett
led move and strategically correct move as it develops a piece.  Qa4 is a very
good practical move.}) 9... Na5 10. Ne5 $5 Qc7 $1 {Good move Peter.  There is
no need to go into complications after Nb3.  Black defends everything with a
very simple move.} (10... Nb3 $5 {Trying to take on c1 with the knight and
then play Qd4 attacking white's knight on e5 and the f2 pawn.} 11. Qxc4 (11.
Ra2 Nxc1 12. Rxc1 Qd4 13. Qxc4 Qxf2+ 14. Kh1 Bd6 15. Rf1 Qe3) 11... Bxf2+ 12.
Rxf2 Nxa1 13. Bg5 Qd6 14. Bxf6 gxf6 15. Ng4 f5 16. Nf6+ Kg7 17. Qh4) 11. Bf4
Bd6 12. Nxc4 $5 Qxc4 (12... Nxc4 13. Rc1 Bxf4 14. Rxc4 Qe5 15. Rxf4 Qxe2) 13.
Qxa5 Bxf4 14. gxf4 Qxf4 $6 {Taking on e2 was much better as white's pawn on f4
is weak anyway.  Black is still better because they are a pawn up.  However
white has a compensation because of black's bishop on c8.  So White's plan is
to develop initiative and black's plan is to consolidate the position, make no
weaknesses, swap off and develop their bishop.} 15. e3 Qh4 (15... Qg4 {
Would have been better as black might be able to play b6 on the next move as
white's bishop is pinned by the queen and the c8 bishop could come out.}) 16.
Nd2 Nd5 17. Nf3 Qe7 18. Rac1 b6 19. Qa4 Qe8 {This move is not necessary as
unfortunately for black white does not have to swap queens.} 20. Qd4 Ba6 21.
Rfd1 f5 {This move makes weaknesses and is not necessary.  The pawn on e6 and
the e5 square now is ready to be exploit by white.} 22. Ne5 (22. Ng5 $5 {
is an interesting move.  Trying to take advantage of the e6 square.} 22... Bb7
23. Nxe6 Qxe6 24. Bxd5 Bxd5 25. Qxd5 Qxd5 26. Rxd5 Rad8 $14) 22... Nf6 {
A good practical move which does not work if white plays correctly.  Black is
giving away exchange trying to exploit white squares around white's king. 
However white can restrict black's play.} (22... Bb7) 23. Bxa8 Qxa8 24. Rc7 $1
{
The most important idea about open file is invasion squares.  Well done Philip.
} 24... Bb7 25. Nd7 $1 {
This move is trying to exchange off a black piece covering invasion square.} (
25. Qd7 $3 {This move shows that positional ideas are very important in chess.
This move would have been a very good illustration of the above statement. 
Yes! Two rooks on the seventh are better than the whole queen.} 25... Nxd7 26.
Rdxd7 Rf6 27. Rxg7+ Kf8 28. Rxh7 Ke8 29. Rce7+ Kd8 30. Rxb7 $18) 25... Bh1 26.
Nxf6+ gxf6 27. e4 $1 Qxe4 28. Qxe4 Bxe4 29. Rdd7 (29. f4 {
would have been simpler.  However white's position is won anyway.}) 29... f4
30. Rxa7 f3 31. Rg7+ Kh8 32. Rge7 Rd8 33. Rad7 Rc8 34. Rc7 Rd8 35. Red7 Rg8+
36. Kf1 h5 37. Ke1 h4 38. Rd4 Rg1+ 39. Kd2 Rg2 40. Rd8+ Rg8 41. Rxg8+ Kxg8 42.
Ke3 Bd5 43. Kf4 e5+ 44. Kf5 e4 45. Re7 Kf8 46. Kxf6 h3 47. Rd7 Bc6 48. Rd8+ Be8
49. Rd5 {I thoroughly enjoyed the game.  It had everything in it,
complications, clever positional ideas, sacrifices, very good moves and small
blunders.  Enjoy it!} 1-0

[Event "Box Hill Open"]
[Site "Box Hill"]
[Date "2002.09.13"]
[Round "1.16"]
[White "O'Connor, Grayson"]
[Black "Stojic, Svetozar"]
[Result "1-0"]
[WhiteElo "1497"]
[BlackElo "1714"]
[Annotator "gb"]
[PlyCount "61"]
[EventDate "2002.09.13"]

1. Nf3 Nf6 2. d4 g6 3. c4 Bg7 4. Nc3 O-O 5. e4 d6 6. Be2 e5 7. dxe5 dxe5 8. Qc2
Nc6 9. Bg5 h6 10. Bh4 g5 11. Bg3 Nd4 12. Nxd4 exd4 13. Rd1 c5 14. O-O a6 15. b3
Qa5 16. Nd5 Nxd5 17. exd5 Re8 18. Bd3 Bg4 19. Rd2 b5 20. f4 bxc4 21. Bxc4 Re3
22. fxg5 hxg5 23. d6 Rf8 24. Rdf2 Bh5 25. Qf5 Bg6 26. Qxg6 Re1 27. Bxf7+ Rxf7
28. Qxf7+ Kh8 29. Qh5+ Kg8 30. Rf8+ Bxf8 31. Bxe1 1-0

[Event "Box Hill Open"]
[Site "Box Hill"]
[Date "2002.09.13"]
[Round "1.19"]
[White "Turner, Adrian E"]
[Black "Simpson, Bruce"]
[Result "1/2-1/2"]
[WhiteElo "1562"]
[BlackElo "1393"]
[Annotator "gb"]
[PlyCount "39"]
[EventDate "2002.09.13"]

1. d4 Nf6 2. Bg5 e6 3. c3 Be7 4. Nd2 O-O 5. e4 d6 6. Ngf3 Nbd7 7. Bd3 Re8 8.
O-O Nf8 9. h3 c5 10. Qe2 a6 11. a4 cxd4 12. cxd4 Bd7 13. Rfc1 Rc8 14. Rxc8 Qxc8
15. Nc4 Bc6 16. Nb6 Qd8 17. a5 N6d7 18. Bxe7 Qxe7 19. Nxd7 Nxd7 20. Rc1 1/2-1/2

[Event "Box Hill Open"]
[Site "Box Hill"]
[Date "2002.09.13"]
[Round "1.20"]
[White "Carey, Peter"]
[Black "Lee, Michelle"]
[Result "0-1"]
[WhiteElo "1377"]
[BlackElo "1702"]
[Annotator "gb"]
[PlyCount "56"]
[EventDate "2002.09.13"]

1. e4 c5 2. Nf3 e6 3. d4 cxd4 4. Nxd4 Nc6 5. Nc3 Qc7 6. Ndb5 Qb8 7. g3 a6 8.
Nd4 Bc5 9. Nb3 Ba7 10. Bf4 e5 11. Bc1 Nge7 12. Bc4 b5 13. Be2 O-O 14. f4 d6 15.
f5 f6 16. Bh5 Nd4 17. Nxd4 exd4 18. Ne2 Bb7 19. Qd3 Nxf5 20. exf5 Bxh1 21. Bf3
Bxf3 22. Qxf3 Qc7 23. Qd5+ Kh8 24. Kd1 Rac8 25. Qb3 Rfe8 26. Nf4 Qc6 27. Bd2
Qh1+ 28. Be1 Qxe1# 0-1

[Event "Box Hill Open"]
[Site "Box Hill"]
[Date "2002.09.13"]
[Round "1.38"]
[White "Benjamin, Frank"]
[Black "O'Connor, Andrew"]
[Result "1-0"]
[WhiteElo "1139"]
[BlackElo "599"]
[Annotator "jp"]
[PlyCount "57"]
[EventDate "2002.09.13"]

1. d4 d5 2. Nf3 Nc6 3. c4 e6 4. Nc3 Nf6 5. Bf4 Bd6 6. Bxd6 cxd6 7. e3 Qa5 8. a3
e5 9. b4 Nxb4 10. axb4 Qxb4 11. Qa4+ Qxa4 12. Nxa4 dxc4 13. Bxc4 Bd7 14. Nc3
Rc8 15. Nd2 b5 16. Nxb5 Bxb5 17. Bxb5+ Nd7 18. O-O Rc2 19. Ne4 O-O 20. Bxd7
exd4 21. exd4 Rd8 22. Rxa7 d5 23. Nc5 Rc4 24. Rd1 Rb8 25. g3 h6 26. Bc6 Rd8 27.
Ra8 Rxa8 28. Bxa8 Rc2 29. Bxd5 1-0

[Event "Box Hill Open"]
[Site "Box Hill"]
[Date "2002.09.17"]
[Round "1.48"]
[White "Sharman, Scot A"]
[Black "Wan, James"]
[Result "1-0"]
[WhiteElo "1717"]
[BlackElo "1238"]
[Annotator "jp"]
[PlyCount "119"]
[EventDate "2002.09.13"]

1. d4 d5 2. c4 c6 3. Nf3 Nf6 4. Nc3 e6 5. e3 Bb4 6. Bd3 dxc4 7. Bxc4 Ne4 8. Qc2
Qa5 9. Qxe4 Bxc3+ 10. Ke2 Bb4 11. Ne5 Bd6 12. Bd2 Qc7 13. Nd3 Nd7 14. Qg4 O-O
15. Bc3 Nf6 16. Qh4 Be7 17. Ne5 b5 18. Bd3 b4 19. Bd2 a5 20. Rac1 c5 21. Qg3
Ba6 22. dxc5 Bxc5 23. Rc2 Bxd3+ 24. Nxd3 Qxg3 25. hxg3 Bb6 26. Rhc1 Rfd8 27.
Rc6 Rab8 28. Ne5 Nd7 29. Nc4 h6 30. Nxb6 Nxb6 31. b3 Rd7 32. e4 Rdd8 33. Bf4
Rb7 34. Bc7 Rxc7 35. Rxc7 Nd7 36. Rc8 Rxc8 37. Rxc8+ Kh7 38. Rc7 Nf6 39. f3 Nh5
40. Kf2 f5 41. exf5 exf5 42. Rc5 g6 43. Rxa5 f4 44. g4 Ng3 45. Rb5 g5 46. Rxb4
h5 47. gxh5 Nxh5 48. Rb6 Kg7 49. a4 Nf6 50. Rxf6 Kxf6 51. a5 Kf5 52. a6 g4 53.
fxg4+ Kxg4 54. a7 Kh4 55. a8=Q Kh5 56. Qg8 Kh6 57. Kf3 Kh5 58. Kxf4 Kh6 59. Kf5
Kh5 60. Qh8# 1-0

[Event "Box Hill Open"]
[Site "Box Hill"]
[Date "2002.09.20"]
[Round "2.1"]
[White "Flude, David A"]
[Black "Bourmistrov, Denis"]
[Result "0-1"]
[WhiteElo "1712"]
[BlackElo "2040"]
[Annotator "mg"]
[PlyCount "70"]
[EventDate "2002.09.13"]

1. e4 d6 2. f4 g6 3. Nf3 Nf6 4. Nc3 a6 5. Be2 Bg7 6. O-O O-O 7. d4 b5 8. e5 Ne8
9. Ne4 Nd7 10. c3 Nb6 11. Ng3 e6 12. Bd3 Bb7 13. Qe2 Qe7 14. Ng5 h6 15. Nf3 c5
16. dxc5 dxc5 17. Be3 Nd5 18. Ne4 Rc8 19. Bc2 Nxe3 20. Qxe3 Bxe4 21. Qxe4 Nc7
22. c4 bxc4 23. h4 h5 24. Qxc4 Rb8 25. Ng5 Rb4 26. Qe2 Nd5 27. Be4 Rfb8 28.
Bxd5 exd5 29. Qxa6 Rxb2 30. Qc6 d4 31. Ne4 d3 32. Nxc5 Rc2 33. Rac1 Qa7 34. Qd6
Bf8 35. Qxd3 Qxc5+ 0-1

[Event "Box Hill Open"]
[Site "Box Hill"]
[Date "2002.09.20"]
[Round "2.2"]
[White "Lycett, Garry"]
[Black "Dizdarevic, Mehmedalija"]
[Result "0-1"]
[WhiteElo "1705"]
[BlackElo "1947"]
[Annotator "hl"]
[PlyCount "110"]
[EventDate "2002.09.13"]

1. d4 g6 2. Nf3 Bg7 3. c4 Nf6 4. Nc3 O-O 5. e4 d6 6. Be2 e5 7. O-O Nc6 8. d5
Ne7 9. Ne1 Nd7 10. Nd3 f5 11. Bd2 Nf6 12. f3 f4 13. Rc1 g5 14. c5 Ne8 15. cxd6
cxd6 16. Nf2 Kh8 17. Qc2 a6 18. Rfd1 Ng8 19. Be1 Ngf6 20. Rd3 h5 21. h3 Bh6 22.
Bd2 Rg8 23. Qd1 Bd7 24. a4 Qb6 25. Kf1 Kh7 26. Nb1 Rb8 27. Rb3 Qd8 28. Rbc3 Qb6
29. b4 Rg7 30. a5 Qd8 31. Na3 g4 32. fxg4 hxg4 33. hxg4 Kg8 34. Rh3 Bg5 35. Bf3
b6 36. Qe2 bxa5 37. bxa5 Rb3 38. Nc4 Bb5 39. Kg1 Rc7 40. Qd1 Rxf3 41. Rxf3 Rxc4
42. Rxc4 Bxc4 43. Rc3 Bb5 44. Nh3 Nh7 45. g3 fxg3 46. Nxg5 Nxg5 47. Bxg5 Qxg5
48. Rxg3 Nf6 49. Qc2 Qf4 50. Qc8+ Kg7 51. Qc7+ Kg6 52. Rg2 Nxe4 53. Qe7 Qf1+
54. Kh2 Qf6 55. Qc7 Bf1 0-1

[Event "Box Hill Open"]
[Site "Box Hill"]
[Date "2002.09.20"]
[Round "2.3"]
[White "Lee, Michelle"]
[Black "Rushdi, Nasim"]
[Result "1-0"]
[WhiteElo "1702"]
[BlackElo "1923"]
[Annotator "mg"]
[PlyCount "31"]
[EventDate "2002.09.13"]

1. e4 c6 2. d4 d5 3. Nc3 dxe4 4. Nxe4 Nd7 5. Nf3 Ngf6 6. Nxf6+ Nxf6 7. h3 e6 8.
Bd3 Qc7 9. Bg5 Nd5 10. O-O h6 11. Bh4 Nf4 12. Bg3 Bd6 13. Re1 Bd7 14. Ne5 Bxe5
15. Rxe5 Nxd3 16. Rxe6+ 1-0

[Event "Box Hill Open"]
[Site "Box Hill"]
[Date "2002.09.20"]
[Round "2.4"]
[White "Le, Tuan N"]
[Black "Harutyunyan, Vahram"]
[Result "1-0"]
[WhiteElo "1904"]
[BlackElo "1698"]
[Annotator "hl"]
[PlyCount "50"]
[EventDate "2002.09.13"]

1. d4 e6 2. Nf3 Nf6 3. Bg5 c5 4. c3 Nc6 5. Nbd2 d5 6. e3 c4 7. b3 b5 8. Ne5 Bb7
9. bxc4 dxc4 10. Rb1 a6 11. Nexc4 Qc7 12. Bf4 Qd8 13. e4 Ra7 14. Ne3 b4 15.
cxb4 Qxd4 16. Nc2 Qd8 17. Be3 Ra8 18. Be2 Ne5 19. f3 Nd3+ 20. Kf1 Be7 21. Nc4
Nxe4 22. Qxd3 Qxd3 23. Bxd3 Nc3 24. Rb3 Nxa2 25. Kf2 Bf6 1-0

[Event "Box Hill Open"]
[Site "Box Hill"]
[Date "2002.09.20"]
[Round "2.5"]
[White "Liston, Howard"]
[Black "Raine, Marcus"]
[Result "0-1"]
[WhiteElo "1702"]
[BlackElo "1904"]
[Annotator "hl"]
[PlyCount "94"]
[EventDate "2002.09.13"]

1. e4 c5 2. Nf3 e6 3. d4 cxd4 4. Nxd4 a6 5. Bd3 Qc7 6. O-O Nc6 7. Nxc6 Qxc6 8.
Qe2 d6 9. c4 Nf6 10. Nc3 Be7 11. b3 Nd7 12. Bb2 Bf6 13. Rac1 Nc5 14. Bb1 Ra7
15. Kh1 b6 16. f3 Rd7 17. Nd1 Be5 18. Ne3 f6 19. Rfd1 Bf4 20. g3 Bh6 21. Re1
O-O 22. Rcd1 Bxe3 23. Qxe3 a5 24. Bd4 Bb7 25. Kg2 Rfd8 26. Re2 e5 27. Bxc5 dxc5
28. Red2 Rd4 29. Rxd4 Rxd4 30. Rxd4 cxd4 31. Qc1 Qc5 32. a3 b5 33. Bd3 Ba6 34.
Kf2 bxc4 35. Bxc4+ Bxc4 36. Qxc4+ Qxc4 37. bxc4 Kf7 38. f4 Ke6 39. Ke2 g6 40.
Kd3 g5 41. h3 Kd6 42. h4 gxf4 43. gxf4 Kc5 44. fxe5 fxe5 45. h5 h6 46. Kd2 Kxc4
47. Kc2 a4 0-1

[Event "Box Hill Open"]
[Site "Box Hill"]
[Date "2002.09.20"]
[Round "2.6"]
[White "Dutka, Janusz"]
[Black "Campara, Miralem"]
[Result "1-0"]
[WhiteElo "1873"]
[BlackElo "1693"]
[Annotator "hl"]
[PlyCount "51"]
[EventDate "2002.09.13"]

1. d4 Nf6 2. c4 e6 3. Nc3 c5 4. Nf3 d5 5. e3 Nc6 6. a3 Be7 7. Bd3 a6 8. O-O
dxc4 9. Bxc4 b5 10. Ba2 Bb7 11. dxc5 Bxc5 12. b4 Bd6 13. e4 Ne5 14. Bg5 Nxf3+
15. Qxf3 Be5 16. Rfd1 Qc7 17. Rac1 Qe7 18. Bf4 Bxc3 19. Bd6 Qd7 20. Qxc3 Rc8
21. Qg3 Rxc1 22. Rxc1 Nh5 23. Qe5 Nf6 24. Rc7 Ng4 25. Rxd7 Nxe5 26. Rxb7 1-0

[Event "Box Hill Open"]
[Site "Box Hill"]
[Date "2002.09.20"]
[Round "2.7"]
[White "Hilliard, Geoffrey"]
[Black "Dragicevic, Domagoj"]
[Result "0-1"]
[WhiteElo "1698"]
[BlackElo "1826"]
[Annotator "hl"]
[PlyCount "68"]
[EventDate "2002.09.13"]

1. d4 b6 2. e4 Bb7 3. Nc3 e6 4. Nf3 Bb4 5. Bd3 Nf6 6. Qe2 d5 7. e5 Ne4 8. Bd2
Nxd2 9. Qxd2 h6 10. a3 Bxc3 11. Qxc3 O-O 12. O-O-O Qe7 13. h4 c5 14. g4 g6 15.
Qd2 Kg7 16. Qf4 c4 17. Be2 Nd7 18. Rdg1 b5 19. g5 h5 20. Nh2 a5 21. Nf1 b4 22.
Rh3 c3 23. b3 bxa3 24. Rxc3 Qb4 25. Qe3 Rfc8 26. Rxc8 Rxc8 27. Rg3 Qe1+ 28. Bd1
Qxf1 29. Qd2 Ba6 30. f4 a4 31. bxa4 Rb8 32. Rf3 Qxf3 33. Bxf3 a2 34. Qc3 Rb1+
0-1

[Event "Box Hill Open"]
[Site "Box Hill"]
[Date "2002.09.20"]
[Round "2.8"]
[White "Rikalo, Milenko"]
[Black "Lugo, Ruperto"]
[Result "1-0"]
[WhiteElo "1810"]
[BlackElo "1612"]
[Annotator "hl"]
[PlyCount "57"]
[EventDate "2002.09.13"]

1. e4 g6 2. d4 Bg7 3. f4 d6 4. Nf3 Nf6 5. Bd3 O-O 6. Be3 b6 7. Nbd2 Bb7 8. h3
Nfd7 9. g4 e5 10. dxe5 dxe5 11. f5 Nc5 12. Bxc5 bxc5 13. Nc4 Re8 14. h4 Nd7 15.
Qe2 Nb6 16. O-O-O Qc8 17. Qe3 Nd7 18. h5 gxf5 19. gxf5 h6 20. Rdg1 Kh7 21. Rg3
Bf6 22. Rhg1 Qd8 23. Na5 Rb8 24. Bb5 Qe7 25. Rd1 Red8 26. Bc6 Ba6 27. Bd5 Nb6
28. Nc6 Nc4 29. Qc3 1-0

[Event "Box Hill Open"]
[Site "Box Hill"]
[Date "2002.09.20"]
[Round "2.9"]
[White "O'Connor, Phil"]
[Black "Meydan, Arie"]
[Result "0-1"]
[WhiteElo "1539"]
[BlackElo "1771"]
[Annotator "hl"]
[PlyCount "86"]
[EventDate "2002.09.13"]

1. d4 d5 2. Nf3 Nf6 3. c4 c6 4. g3 Nbd7 5. Bg2 g6 6. O-O dxc4 7. Qc2 Nb6 8. Rd1
Bf5 9. Qc3 Bg7 10. e3 O-O 11. Na3 Ne4 12. Qe1 Nd6 13. Ne5 f6 14. Nf3 Qc8 15.
Qf1 Bd3 16. Qe1 e5 17. dxe5 fxe5 18. Nd2 e4 19. Bf1 Qg4 20. Bxd3 cxd3 21. Rb1
Rf7 22. b3 Raf8 23. Bb2 Bxb2 24. Rxb2 Rxf2 25. Ndc4 Rf1+ 26. Qxf1 Rxf1+ 27.
Rxf1 Nf5 28. Rf4 Qd1+ 29. Rf1 Qh5 30. Rd2 Nd7 31. Rf4 b5 32. g4 Qg5 33. Kh1
Nxe3 34. Rdf2 bxc4 35. Nb1 Nxg4 36. Rf1 cxb3 37. axb3 Qh4 38. Rxg4 Qxg4 39. Rg1
Qf3+ 40. Rg2 Ne5 41. Nc3 Ng4 42. Kg1 Qe3+ 43. Kh1 Nf2+ 0-1

[Event "Box Hill Open"]
[Site "Box Hill"]
[Date "2002.09.20"]
[Round "2.10"]
[White "Fell, Rowan"]
[Black "Wheelwright, Philip"]
[Result "1-0"]
[WhiteElo "1528"]
[BlackElo "1757"]
[Annotator "hl"]
[PlyCount "121"]
[EventDate "2002.09.13"]

1. d4 Nf6 2. c4 g6 3. Nc3 d5 4. cxd5 Nxd5 5. e4 Nxc3 6. bxc3 c5 7. Be3 Bg7 8.
Qd2 Qa5 9. Rb1 O-O 10. Rb5 Qd8 11. Rxc5 b6 12. Rd5 Nd7 13. Bb5 a6 14. Bc6 Ra7
15. Rg5 Rc7 16. Ba4 Nf6 17. Bc2 Bb7 18. e5 Nd5 19. Ne2 Qc8 20. Be4 f6 21. Bxd5+
Bxd5 22. exf6 Bxg2 23. Rxg2 Bxf6 24. O-O Rd8 25. Qb2 Qe6 26. Qb3 Rc4 27. Nf4
Qc6 28. d5 Qc8 29. Ne2 Rxd5 30. Bd4 Rb5 31. Qd1 Rd5 32. Qe1 Bxd4 33. Nxd4 Rxc3
34. Qe6+ Qxe6 35. Nxe6 Rd2 36. f4 Rd6 37. Ng5 Rdc6 38. Rgf2 R6c4 39. f5 Rg4+
40. Rg2 Rxg2+ 41. Kxg2 Rc2+ 42. Rf2 Rxf2+ 43. Kxf2 gxf5 44. Ne6 Kf7 45. Nc7 a5
46. Ke3 e5 47. a4 h5 48. Nd5 Ke6 49. Nxb6 Kd6 50. Nc4+ Kc5 51. Nxa5 Kb4 52.
Nc6+ Kxa4 53. Nxe5 Kb4 54. h4 Kc5 55. Kf4 Kd5 56. Kxf5 Kd6 57. Nc4+ Kd7 58. Kg5
Ke8 59. Kxh5 Kf7 60. Ne5+ Kg8 61. Kg5 1-0